|
|
|
|
| LEADER |
00000naa2a2200000 4500 |
| 001 |
381251 |
| 005 |
20231101062812.0 |
| 035 |
|
|
|a (RuTPU)RU\TPU\prd\3483
|
| 090 |
|
|
|a 381251
|
| 100 |
|
|
|a 20020427a2002 k y0rusy50 ca
|
| 101 |
0 |
|
|a rus
|
| 102 |
|
|
|a RU
|
| 200 |
1 |
|
|a Оценка термоциклического нагружения в узле приварки "горячего" коллектора к патрубку парогенератора ПГВ-1000
|f Г. В. Степанов, В. В. Харченко, А. И. Бабуцкий и др.
|
| 225 |
1 |
|
|a Хроника, информация, реклама
|
| 320 |
|
|
|a Библиогр.: 146-148.
|
| 461 |
|
1 |
|0 (RuTPU)RU\TPU\prd\1695
|x 0556-171X
|t Проблемы прочности
|l Strength of Materials
|o научно-технический журнал
|f Национальная академия наук Украины (НАНУ, НАН Украины), Институт проблем прочности им. Г. С. Писаренко (ИПП)
|d 1969-
|
| 463 |
|
1 |
|0 (RuTPU)RU\TPU\prd\2700
|t № 1
|v С. 146-148
|d 2002
|
| 610 |
1 |
|
|a термоциклическое нагружение
|
| 610 |
1 |
|
|a атомные энегретические установки
|
| 610 |
1 |
|
|a прочность материалов
|
| 610 |
1 |
|
|a горячие коллекторы
|
| 610 |
1 |
|
|a узел приварки
|
| 701 |
|
1 |
|a Степанов
|b Г. В.
|
| 701 |
|
1 |
|a Харченко
|b В. В.
|
| 701 |
|
1 |
|a Бабуцкий
|b А. И.
|
| 701 |
|
1 |
|a Зинченко
|b О. Я.
|
| 701 |
|
1 |
|a Феофентов
|b Н. А.
|
| 701 |
|
1 |
|a Романов
|b С. В.
|
| 712 |
0 |
2 |
|a Институт проблем прочности НАН Украины
|e Киев
|
| 712 |
0 |
2 |
|a Национальная атомная энергогенерирующая компания "Энергоатом"
|e Киев
|
| 712 |
0 |
2 |
|a Обособленное подразделение "Южно-Украинская АЭС"
|e Южноукраинск
|
| 712 |
0 |
2 |
|a Ассоциация "Надёжность машин и сооружений"
|e Киев
|
| 801 |
|
1 |
|a RU
|b 63413507
|c 20020427
|g PSBO
|
| 801 |
|
2 |
|a RU
|b 63413507
|c 20121001
|g PSBO
|
| 942 |
|
|
|c BK
|